Ekonomika MH a VD

Gespeichert in:
Bibliographische Detailangaben
1. Verfasser: Šulajová, Irena
Körperschaft: Vysoká škola ekonomická v Bratislave. Fakulta ekonomiky služieb a cestovného ruchu v Banskej Bystrici
Format: Buch
Sprache:Slowakisch
Veröffentlicht: Bratislava Vysoká škola ekonomická v Bratislave 1979
Tags: Tag hinzufügen
Keine Tags, Fügen Sie das erste Tag hinzu!

MARC

LEADER 00000nam a2200000 4500
001 0215519
005 20240109105229.3
041 0 |a slo 
044 |a SK 
245 1 0 |a Ekonomika MH a VD  |c Irena Šulajová 
264 1 |a Bratislava  |b Vysoká škola ekonomická v Bratislave  |c 1979 
300 |a 184 s. 
100 1 |a Šulajová, Irena 
710 2 |a Vysoká škola ekonomická v Bratislave. Fakulta ekonomiky služieb a cestovného ruchu v Banskej Bystrici